000 00681nam a22001697a 4500
999 _c11557
_d11557
008 181212b ||||| |||| 00| 0 eng d
082 _22018
_aUT 1097
_bSe55
100 _aSenajon, Roger Rotchell P.
_933132
245 _aCrime rate in the Municipality of Sta. Maria for the year 2014 - 2016 /
_cRoger Rotchell P. Senajon, Leonie H. Cobol Jr., Jenniel C. Nebiar
260 _aDigos City:
_bUMDC
_cNovember 2018.
300 _a29 pages ;
_b30 cm.
650 _aCriminal Justice Education
_vCriminology
_xUndergraduate Thesis.
_933107
700 _aSenajon, Roger Rotchell P.
_933132
700 _aCobol, Leonie H. Jr.
_933133
700 _aNebiar, Jenniel C.
_933134
942 _2ddc
_cUT